1075 1337 1912 1474 1857 1170 1520 1830 1431 1211 1784 1428 1572 1372 1727 1147 1755 1920 1615 1835 1047 1955 1099 1473 1762 1119 1880 1915 1670 1398 1474 1198 1030 1895 1511 1118 1734 1125 1857 1364 1283 1163 1030 1615 1364 1096 1559 1067 1412 1235 1691 1480 1427 1257 1204 1902 1103 1650 1142 1835 1277 1345 1226 1425 1373 1561 1014 1488 1647 1725 1366 1337 1692 1604 1251 1340 1370 1364 1097 1234 1450 1535 1836 1906 1768 1333 1257 1603 1657 1784 1647 1437 1809 1613 1590 1376 1642 1503 1934 BCNSPRNW ULIB Ver.6.0+V

เปลี่ยนเป็นภาษาไทย

Change to English
 แสดงรายละเอียดบรรณานุกรม
  กลับหน้าหลัก

Brief Record : Get Marc (ISO 2709) : E-mail record : QR code < ปิดหน้าต่าง
LEADER : 00000nam 2200000uu 4500
001    13399126175
003     ULIB
008    020711s2018 th a 000 0 eng d
050    ^aPE1131^bP295E
100    ^aPatchaporn Phanlong
245    ^aEnglish for Learning
260    ^aNakhon Sawan :^bNakhon Sawan Rajabhat University,^c2018
300    ^a124 pages;^b30 cm
650    ^aEnglish Learning
710    ^aNakhon Sawan Rajabhat University
945    ^p0^l0^i004289
999    ^aประนอม เกษจรัล
รายการนี้ยังไม่มีแท็ก
คุณยังไม่ได้ล็อกอิน คุณสามารถมีกิจกรรมร่วมกับเว็บไซต์ได้ แต่ต้องล็อกอินก่อน ::
  ล็อกอิน

รายการสื่อสารสนเทศ

ลำดับที่ ประเภท เลขเรียก/บาร์โค้ด สถานที่ สถานะ
1. การศึกษาทั่วไป
การศึกษาทั่วไป
PE1131 P295E ฉ.1 
  Barcode: 004289
ห้องสมุดวิทยาเขตสวรรค์ประชารักษ์
►หนังสือทั่วไป
บนชั้น

BibComment


ยังไม่เคยถูกคอมเมนท์

คอมเมนท์ทรัพยากรรายการนี้
  คอมเมนท์: English for Lear..


 Copyright 2026. Bcnsprnw @Library